000 00297nam a2200109Ia 4500
001 1275987
005 20260417160438.0
008 260417s9999 xx 000 0 und d
020 _a9786256309975
245 0 _aDut - Bir Tırtılın (Sevgi Dolu) Hikayesi
_cPaola Rattazzi
260 _bKetebe Çocuk
999 _c1275987
_d1275987